Práca triedneho učiteľa s "problémovými žiakmi" a spolupráca s rodičmi

Práca triedneho učiteľa s problémovými žiakmi a vytváranie spolupracujúceho prostredia s rodičmi týchto žiakov. Metódy a formy práce so skupinou na príklade konkrétnych aktivít v triede rovesníkov.

Gespeichert in:
Bibliographische Detailangaben
1. Verfasser: Tokárová, Svetlana
Format: Buchkapitel
Sprache:Slowakisch
Schlagworte:
Tags: Tag hinzufügen
Keine Tags, Fügen Sie das erste Tag hinzu!

MARC

LEADER 00000naa a2200000 4500
001 0207166
005 20231127103329.3
041 0 |a slo 
044 |a SK 
245 1 0 |a Práca triedneho učiteľa s "problémovými žiakmi" a spolupráca s rodičmi  |c Svetlana Tokárová 
520 |a Práca triedneho učiteľa s problémovými žiakmi a vytváranie spolupracujúceho prostredia s rodičmi týchto žiakov. Metódy a formy práce so skupinou na príklade konkrétnych aktivít v triede rovesníkov. 
610 2 0 |a vzdelávanie 
610 2 0 |a vyučovanie 
610 2 0 |a učitelia 
610 2 0 |a žiaci 
610 2 0 |a pedagogika 
610 2 0 |a didaktika 
610 2 0 |a metódy 
610 2 0 |a školy 
610 2 0 |a rodina 
100 1 |a Tokárová, Svetlana